En la Ciudad de Leona Vicario a los cinco dias del mes de Mayo, de mil ochosientos treinta y dos anos : ante mi el ciudadano Juan Gonzales, Regidor del Y. Ayuntam'to de esta Ciudad y alcade sgundo en turno, en ella y su jurisdiccion por infermedad del propietario que autuo por receptoria a falta de escribano que no lo hay en el termino de la ley y testugoes instrumentales que al fin se nominaran; parecieron presentes los ciudadanos Lic Jose Maria de Aguirre, Tomas Vega y Rafael Aguirre ... otorgan que dan y confieren todo su poder tanto cuanto se requiera ye en derecho sea necesario a Don Samuel May Williams ... para que a nombre de los otorgantes y en representacion de sus propias personas, derechos y acciones, tan luego como lo permita la ley de colonizacion de veinte cuatro de Marzo, de ochosientos vienticinco ...

A power of attorney document granting Samuel May Williams power of attorney to represent three Mexican landowners, Jose Maria de Aguirre, Rafael Aguirre, and Tomas de la Vega in Texas, in selling their eleven-league grants they received from the Mexican government as permitted under the law of March...

Full description

Bibliographic Details
Corporate Author: Leona Vicario (Mexico). Ayuntamiento
Other Authors: Vega, Tomas de la, Williams, Samuel May, 1795-1858
Format: Book
Language:Spanish
Published: [Leona Vicario] : [Ayuntamiento], [1832]
Subjects:

MARC

Tag First Indicator Second Indicator Subfields
LEADER 00000cam a2200000Ii 4500
001 in00004358621
005 20210422110638.0
008 201210s1832 mx l000 0 spa d
035 |a (OCoLC)1196907140 
040 |a FKS  |b eng  |e rda  |c FKS  |d FKS  |d OCLCF  |d TXA  |d UtOrBLW 
043 |a n-mx---  |a n-us-tx 
090 |a F389  |b .L46 1832 
110 1 |a Leona Vicario (Mexico).  |b Ayuntamiento.  |0 http://id.loc.gov/authorities/names/nr98001880 
245 1 0 |a En la Ciudad de Leona Vicario a los cinco dias del mes de Mayo, de mil ochosientos treinta y dos anos :  |b ante mi el ciudadano Juan Gonzales, Regidor del Y. Ayuntam'to de esta Ciudad y alcade sgundo en turno, en ella y su jurisdiccion por infermedad del propietario que autuo por receptoria a falta de escribano que no lo hay en el termino de la ley y testugoes instrumentales que al fin se nominaran; parecieron presentes los ciudadanos Lic Jose Maria de Aguirre, Tomas Vega y Rafael Aguirre ... otorgan que dan y confieren todo su poder tanto cuanto se requiera ye en derecho sea necesario a Don Samuel May Williams ... para que a nombre de los otorgantes y en representacion de sus propias personas, derechos y acciones, tan luego como lo permita la ley de colonizacion de veinte cuatro de Marzo, de ochosientos vienticinco ... 
264 1 |a [Leona Vicario] :  |b [Ayuntamiento],  |c [1832] 
300 |a 1 sheet ;  |c 22 x 29 cm 
336 |a text  |b txt  |2 rdacontent 
337 |a unmediated  |b n  |2 rdamedia 
338 |a sheet  |b nb  |2 rdacarrier 
500 |a Title from first lines of text. 
520 |a A power of attorney document granting Samuel May Williams power of attorney to represent three Mexican landowners, Jose Maria de Aguirre, Rafael Aguirre, and Tomas de la Vega in Texas, in selling their eleven-league grants they received from the Mexican government as permitted under the law of March 24, 1825. The document is signed in ink, "Identificado Maceo Garcia Ramos," perhaps a clerk or notary public in the governmental office at Saltillo, the capital of Coahuila y Tejas. The document identifies the place of execution of the document as "Leona Vicario," which was the official name for Saltillo between 1827 and 1831. 
500 |a Following the Mexican government's reworking of the Colonization Law of Coahuila and Texas in April 1832, Americans were barred from attaining empresario status in Texas. Tracts of land measuring eleven leagues were thereafter available for purchase by wealthy Mexican ranchers and speculators. Some of these Mexican speculators bought or obtained eleven-league grants from Mexico and then re- sold them to Anglo-American land developers such as Stephen F. Austin or his right-hand man Samuel May Williams. Austin and Williams had for a long time held a virtual monopoly on land acquisition in central Texas, and they tried to retain their position by buying eleven-league plots from Mexican speculators whenever possible. The tracts of land relevant to the current document, belonging to the Aguirre brothers and Tomas Vega, were situated along the Brazos River near modern-day Waco. The Vega tract would later become the source of a controversial legal battle. After Austin's arrest in Mexico City in 1833, Williams sold the Vega grant to Austin's cousin, Sophia St. John for $2,500. When the tract was re-sold in the 1840s, a dispute arose after Vega claimed he had never given Williams permission to sell the land and that the power of attorney supposedly signed by Vega was a forgery. Vega admitted that he and the Aguirres granted Williams permission to mark off their eleven-league tracts, but he denied ever giving Williams the power to sell the land. 
500 |a The Cushing Library/Chapman Texas Collection copy is part of the Floyd & Louise Chapman Texas & Borderlands Collection.  |5 TXA 
650 0 |a Power of attorney  |z Mexico  |z Coahuila and Texas. 
651 0 |a Coahuila and Texas (Mexico)  |x Colonization. 
651 0 |a Coahuila and Texas (Mexico)  |x History  |y 19th century. 
650 0 |a Land grants  |z Mexico  |z Coahuila and Texas. 
650 0 |a Land titles  |x Registration and transfer  |z Texas. 
600 1 7 |a Williams, Samuel May,  |d 1795-1858.  |2 fast  |0 (OCoLC)fst00307075 
650 7 |a Colonization.  |2 fast  |0 (OCoLC)fst00868483 
650 7 |a Land grants.  |2 fast  |0 (OCoLC)fst00991259 
650 7 |a Power of attorney.  |2 fast  |0 (OCoLC)fst01074259 
651 7 |a Mexico  |z Coahuila and Texas.  |2 fast  |0 (OCoLC)fst01210335 
655 7 |a History.  |2 fast  |0 (OCoLC)fst01411628 
655 7 |a Sources.  |2 fast  |0 (OCoLC)fst01423900 
655 7 |a Broadsides  |z Mexico  |z Leona Vicario  |y 1832.  |2 rbgenr 
655 7 |a Legal instruments.  |2 lcgft  |0 http://id.loc.gov/authorities/genreForms/gf2011026355 
700 1 |a Vega, Tomas de la.  |0 http://id.loc.gov/authorities/names/n89614564 
700 1 |a Williams, Samuel May,  |d 1795-1858.  |0 http://id.loc.gov/authorities/names/n92073569 
994 |a C0  |b TXA 
948 |a cataloged  |b h  |c 2021/2/1  |d c  |e nbehmer  |f 8:57:25 am 
999 f f |s 416ad2b8-d9da-3b2e-9fb9-7874d6037a74  |i 8407d79d-ef09-340d-9425-cb344cb89348  |t 0 
952 f f |p noncirc  |a Texas A&M University  |b College Station  |c Cushing Memorial Library & Archives  |d Cushing: Chapman Texas Collection (Does not check out)  |t 0  |e F389 .L46 1832  |h Library of Congress classification  |i unmediated -- sheet 
998 f f |a F389 .L46 1832  |t 0  |l Cushing: Chapman Texas Collection (Does not check out)